Pratique Afrique - Question boni test "Population" le - Map Quiz - Statistiques

Statistiques générales
  • Ce quiz a été pris 673 fois
  • Le résultat moyen est 9 sur 12
Réponses sur la Carte
Les réponses sont colorées sur une échelle allant du rouge au vert en fonction du pourcentage des utilisateurs qui les ont devinées à leur premier essai. Vous pouvez retrouver ces pourcentages ci-dessous.
 
Statistiques - réponses
Réponse % Correct
Égypte
92%
Soudan du Sud
79%
Érythrée
78%
Soudan
75%
République démocratique du Congo
73%
République centrafricaine
72%
Somalie
71%
Éthiopie
68%
Ouganda
66%
Kenya
65%
Tanzanie
65%
Tchad
65%
Aucun quiz correspondant
Distribution des résultats
% des personnes avec chaque résultat
Percentile par nombre de réponses
Votre historique - résultats
Vous n’avez pas pris ce quiz